| Tag |
First Indicator |
Second Indicator |
Subfields |
| LEADER |
00000cam a2200000 a 4500 |
| 001 |
in00001347821 |
| 005 |
20151006072527.0 |
| 007 |
hd afu---baca |
| 008 |
860813s1855 nyu a 000 0 eng d |
| 035 |
|
|
|a (OCoLC)14080799
|
| 035 |
|
|
|9 AHH5631AM
|
| 040 |
|
|
|a POG
|c POG
|d POG
|d UtOrBLW
|
| 049 |
|
|
|a TXAI
|
| 090 |
|
|
|a PS586
|b .A450 pt. 3, no. 2119
|
| 099 |
|
|
|a film
|a B
|a 3870
|a Segment III, no. 2119)
|
| 100 |
1 |
|
|a Miller, Lindley H.
|
| 245 |
1 |
0 |
|a Oration /
|c by Lindley H. Miller. Poem / by Stewart L. Woodford : delivered before the annual convention of Delta Psi fraternity.
|
| 264 |
|
1 |
|a New York :
|b [publisher not identified],
|c 1855.
|
| 300 |
|
|
|a 32 pages ;
|c 21 cm.
|
| 336 |
|
|
|a text
|b txt
|2 rdacontent
|
| 337 |
|
|
|a microform
|b h
|2 rdamedia
|
| 338 |
|
|
|a microfilm reel
|b hd
|2 rdacarrier
|
| 500 |
|
|
|a Published by order of the convention.
|
| 533 |
|
|
|a Microfilm.
|b Woodbridge, Conn. :
|c Research Publications,
|d 1977.
|e 1 microfilm reel ; 35 mm.
|f (American Poetry, 1609-1900 ; Segment III, no. 2119)
|
| 539 |
|
|
|a s
|b 1977
|d ctu
|e n
|
| 500 |
|
|
|a Microform.
|
| 700 |
1 |
2 |
|a Woodford, Stewart L.
|q (Stewart Lyndon),
|d 1835-1913.
|t Poem.
|f 1855.
|
| 710 |
2 |
|
|a Fraternity of Delta Psi.
|
| 999 |
|
|
|a MARS
|
| 999 |
f |
f |
|s 933ec5f3-0270-3594-8b4b-f3ae7137387b
|i 4b124ac5-0d2f-3661-b9bd-b99f489a0b7b
|t 0
|
| 952 |
f |
f |
|p default
|a Texas A&M University
|b College Station
|c Sterling C. Evans Library
|d Evans: Microforms (3rd floor)
|t 0
|e film B 3870 Segment III, no. 2119
|h Other scheme
|i microform -- microfilm reel
|
| 998 |
f |
f |
|a film B 3870 Segment III, no. 2119
|t 0
|l Evans: Microforms (3rd floor)
|